| 000 | 00523nam a2200181Ia 4500 | ||
|---|---|---|---|
| 001 | 19224 | ||
| 005 | 20260306171728.0 | ||
| 008 | 260306s9999||||xx |||||||||||||| ||und|| | ||
| 041 | _aESP | ||
| 082 |
_a658.80985 _bU61 |
||
| 100 |
_aUniversidad Peruana de Ciencias Aplicadas _eAUT |
||
| 245 | 0 |
_aMejores prácticas de marketing en el Perú: _buna selección de casos ganadores del Premio Anda 2015 |
|
| 260 | _c2015 | ||
| 300 |
_a109 páginas : _c24 cm. |
||
| 650 | _aGEN | ||
| 654 | _aCAN | ||
| 942 |
_cLIB _dJUS _fJUS _2ddc _n |
||
| 999 |
_c19224 _d19224 |
||